| Tag |
First Indicator |
Second Indicator |
Subfields |
| LEADER |
00000cam a22000001a 4500 |
| 001 |
in00003055310 |
| 005 |
20190401194230.0 |
| 006 |
m o d |
| 007 |
cr un mmmapmmp |
| 008 |
061205s1896 dcu o f000 0 eng d |
| 035 |
|
|
|a cis2004038606
|
| 040 |
|
|
|a UMI
|c UMI
|d UtOrBLW
|
| 043 |
|
|
|a n-us---
|
| 099 |
|
|
|a ProQuest Serial Set Number 3461 H.rp.1407
|
| 110 |
1 |
|
|a United States.
|b Congress.
|b House.
|
| 245 |
1 |
0 |
|a Owners of steamer Leesburg.
|
| 246 |
1 |
|
|a Claim of owners of steamer Leesburg, referred to Court of Claims
|
| 264 |
|
1 |
|a Washington :
|b [publisher not identified],
|c 1896.
|
| 300 |
|
|
|a 1 online resource.
|
| 336 |
|
|
|a text
|b txt
|2 rdacontent
|
| 337 |
|
|
|a computer
|b c
|2 rdamedia
|
| 338 |
|
|
|a online resource
|b cr
|2 rdacarrier
|
| 490 |
0 |
|
|a H.rp.1407
|
| 500 |
|
|
|a Record is based on bibliographic data in ProQuest U.S. Serial Set Digital Collection (last viewed Dec. 2006). Reuse except for individual research requires license from ProQuest, LLC.
|
| 510 |
3 |
|
|a ProQuest U.S. Serial Set Digital Collection
|
| 500 |
|
|
|a Electronic resource.
|
| 610 |
1 |
0 |
|a United States.
|b Court of Claims.
|
| 650 |
|
0 |
|a Claims.
|
| 650 |
|
0 |
|a Steamboats.
|
| 655 |
|
7 |
|a Electronic books.
|2 local
|
| 710 |
2 |
|
|a ProQuest (Firm)
|
| 710 |
1 |
|
|a United States.
|b Congress.
|b House.
|b Committee on War Claims.
|
| 830 |
|
0 |
|a United States congressional serial set.
|
| 856 |
4 |
0 |
|u http://proxy.library.tamu.edu/login?url=http://congressional.proquest.com/congcomp/getdoc?SERIAL-SET-ID=3461+H.rp.1407
|z Connect to the full text of this electronic book
|t 0
|
| 999 |
|
|
|a MARS
|
| 999 |
f |
f |
|s accc5100-bb8c-383a-8e38-864234e4fd3e
|i 5bdb7a91-f86a-314d-92d3-28ad78883447
|t 0
|
| 952 |
f |
f |
|a Texas A&M University
|b College Station
|c Electronic Resources
|d Available Online
|t 0
|e ProQuest Serial Set Number 3461 H.rp.1407
|h Other scheme
|
| 998 |
f |
f |
|a ProQuest Serial Set Number 3461 H.rp.1407
|t 0
|l Available Online
|